| 000 | 00547nam a22002057a 4500 | ||
|---|---|---|---|
| 999 |
_c6317 _d6317 |
||
| 003 | OSt | ||
| 005 | 20190917113901.0 | ||
| 008 | 190917b ||||| |||| 00| 0 eng d | ||
| 020 | _a9780199270293 | ||
| 040 | _cDDC | ||
| 082 | _a547 CLA 2012 | ||
| 100 |
_aClayden, Jonathan; Greeves, Nick; Warren, Stuart _912938 |
||
| 245 | _aOrganic Chemistry | ||
| 250 | _a2nd ed. | ||
| 260 |
_aOxford University Press, _c2012 |
||
| 300 |
_axxv,1234p; _bcol.ill: _c28cm |
||
| 504 | _aIndex included | ||
| 650 |
_aOrganic chemistry _9814 |
||
| 942 |
_2z _cO_SHELF |
||